| 000 | 01672cad a22002415a 4500 | ||
|---|---|---|---|
| 001 | L152679 | ||
| 008 | 110412e20110412xxkd f s f000 0 eng d | ||
| 035 | _a(Sirsi) u152679 | ||
| 041 | 0 | _aeng | |
| 050 | 0 | 4 | _a333.33 $2 18 |
| 110 | 1 |
_aUnited Kingdom _bDepartment for Communities and Local Government _94939 |
|
| 245 | 0 | 0 |
_aHouse price index _bFebruary 2011 _h[electronic resource] |
| 260 |
_aLondon _bDCLG _c2011 |
||
| 490 | 0 |
_aDCLG House Price Index _vFebruary 2011 |
|
| 520 | _aUK house prices increased by 0.7% since February 2010 and by 0.3% since January 2011. The mix-adjusted average house price was £204 164 in February 2011 (not seasonally adjusted). UK house prices fell by 0.3% in the quarter ending February 2011 as well as a decrease of 0.7% in the quarter ending November 2010 (seasonally adjusted). Annual average house prices rose by 1%. in England and by 0.7% in Scotland but fell by 2.5% in Wales and by 10.8 in Northern Ireland. Annual average house prices paid by first time buyers in January 2011 were 0.7% higher than a year ago. By comparison average house prices paid by former owner occupiers were 0.7% higher. Annual average house prices paid for new properties in February 2011 were 12.7% higher than a year ago. By comparison average house prices paid on pre-owned dwellings were 0.1% lower. | ||
| 521 | _aAdvanced | ||
| 590 | _aKA NTK | ||
| 650 | 2 | 4 | _aDCLG HOUSE PRICE INDEX |
| 651 | 4 |
_aUnited Kingdom _y |
|
| 690 | _aPROPERTY-RESIDENTIAL PROPERTY-RESIDENTIAL PROPERTY MARKET | ||
| 856 | 4 | 0 |
_uhttps://www.communities.gov.uk/documents/statistics/pdf/1884989.pdf _zView this item free of charge at www.communities.gov.uk |
| 942 | _n0 | ||
| 999 |
_c112163 _d112163 |
||